1410 1840 1010 1710 1725 1661 1495 1043 1098 1324 1837 1203 1314 1648 1627 1916 1826 1123 1951 1817 1530 1760 1111 1771 1551 1908 1477 1129 1328 1223 1176 1992 1894 1839 1948 1519 1134 1504 1081 1455 1370 1020 1473 1639 1927 1756 1000 1105 1861 1739 1600 1287 1536 1981 1065 1250 1799 1282 1421 1073 1783 1450 1575 1677 1499 1245 1673 1834 1323 1827 1251 1825 1348 1322 1027 1116 1223 1594 1120 1234 1687 1719 1011 1569 1367 1724 1472 1669 1655 1589 1386 1493 1271 1407 1359 1012 1120 1405 1284 BCNSPRNW ULIB Ver.6.0+V

เปลี่ยนเป็นภาษาไทย

Change to English
 แสดงรายละเอียดบรรณานุกรม
  กลับหน้าหลัก

Brief Record : Get Marc (ISO 2709) : E-mail record : QR code < ปิดหน้าต่าง
LEADER : 00000nam 2200000uu 4500
001    13399121504
003     ULIB
008    121121s2549||||th 000 0 tha d
020    ^a9748513084
082 0  ^aรส^bค147น
100 0  ^aคมทวน คันธนู
245 00 ^aนาฏกรรมบนลานกว้าง
250    ^aพิมพ์ครั้งที่ 11
260    ^aกรุงเทพฯ^bสิริมงคลคำ^c2549
300    ^a152 หน้า
650  0 ^aกวีนิพนธ์
945    ^p120^l0^i14446
995    ^aวิภา
999    ^aวิภา
รายการนี้ยังไม่มีแท็ก
คุณยังไม่ได้ล็อกอิน คุณสามารถมีกิจกรรมร่วมกับเว็บไซต์ได้ แต่ต้องล็อกอินก่อน ::
  ล็อกอิน

รายการสื่อสารสนเทศ

ลำดับที่ ประเภท เลขเรียก/บาร์โค้ด สถานที่ สถานะ
1. วิทยาศาสตร์การแพทย์ และสุขภาพ
วิทยาศาสตร์การแพทย์ และสุขภาพ
รส ค147น  
  Barcode: 14446
ห้องสมุดวิทยาเขตสวรรค์ประชารักษ์
►นวนิยาย
บนชั้น
  ขอยืม

รายการใกล้เคียง
    ชื่อเรื่อง [นาฏกรรมบนลานกว้าง]

    ผู้แต่ง [คมทวน คันธนู]

    หัวเรื่อง [กวีนิพนธ์]

BibComment


ยังไม่เคยถูกคอมเมนท์

คอมเมนท์ทรัพยากรรายการนี้
  คอมเมนท์: นาฏกรรมบนลานกว้าง


 Copyright 2026. Bcnsprnw @Library